000 00583nam a22001817a 4500
999 _c192636
_d192636
005 20220928140645.0
010 _aENG-135238
020 _c995.00
_a9789383316007
035 _aEN-118770
037 _bDBAD/PUB
082 _a954.11
100 _aMehta, J.N.
245 _aHistory of Jammu And Kashmir/
_cJ.N. Mehta
260 _aNew Delhi
_bGaurav Book Centre
_c2016
270 _bNew Delhi
_a4832/24, Prahalad Lane, S-207, Ansari Road Daryaganj
_e110002
_k011-43570976
_mgauravbookcentre@gmail.com
300 _a223p.
_c22cm(HB)
942 _2ddc
_cEN
_mMEH
_h954.11